A loja da dona Raposa (Record no. 47250)

MARC details
000 -LÍDER
campo de controle de tamanho fixo 00364 a2200157 4500
001 - NÚMERO DE CONTROLE
campo de controle 47250
020 ## - ISBN - INTERNATIONAL STANDARD BOOK NUMBER
ISBN - International Standard Book Number 8526258532 (broch.)
040 ## - FONTE DA CATALOGAÇÃO
Instituição que transcreveu o registro Anchieta - Aquarius
100 ## - ENTRADA PRINCIPAL--NOME PESSOAL
Nome pessoal Guedes, Hardy
240 10 - TÍTULO UNIFORME
Título uniforme A loja da dona Raposa
Idioma da obra por
245 10 - TÍTULO
Título A loja da dona Raposa
300 ## - DESCRIÇÃO FÍSICA
Extensão 12]p.
362 0# - DATAS DE PUBLICAÇÃO E/OU DESIGNAÇÃO SEQUENCIAL
Datas de publicação e/ou designação sequencial 2005
650 #4 - ASSUNTO--TERMO TÓPICO
Cabeçalho tópico ou nome geográfico Literatura infanto-juvenil
942 ## - ELEMENTOS DE ENTRADA ADICIONADOS (KOHA)
Tipo de material Koha Livros
Holdings
Situação do descarte Situação das perdas Situação física Não pode ser emprestado Biblioteca de origem Biblioteca atual Data de aquisição Total de empréstimos Número de chamada completo Código de barras Data de último acesso Data do preço efetivo Tipo de material Koha
        Colégio Anchieta - Aquarius Colégio Anchieta - Aquarius 21/11/2023   028.5 GUE LOJ 5784/AQU 21/11/2023 21/11/2023 Livros